000 00434nam a2200181Ia 4500
008 230524s9999 xx 000 0 und d
020 _a8125913831
082 _a621.38
_bBAS
100 _aB.Basavaraj
_92512
245 0 _aBasic Electronics
250 _a2ND
260 _aNEW DELHI
_bVikas
_c2002
300 _aMQP-55
500 _aQuantity Number: 1
650 _aElectronics
700 _a H.N.Shivashankar
_92513
942 _cBK
999 _c4423
_d4423